Cronica de una anorexia (Registro nro. 12079)
[ vista simple ]
| 000 -CABECERA | |
|---|---|
| Longitud fija campo de control | 00712nam a2200229 b 4500 |
| 003 - • IDENTIFICADOR DELl NÚMERO DE CONTROL | |
| Identificador del número de control | CO-ViMGA |
| 005 - • FECHA Y HORA DE LA ÚLTIMA TRANSACCIÓN | |
| Fecha y hora de la última transacción | 20230915225025.0 |
| 008 - • CÓDIGOS DE INFORMACIÓN DE LONGITUD FIJA | |
| Códigos de información de longitud fija | 020718s2001 sp | ||| ||spa |
| 020 ## - • NÚMERO INTERNACIONAL NORMALIZADO PARA LIBROS | |
| Número Internacional Normalizado para Libros (ISBN) | 9788426131973 |
| 040 ## - FUENTE DE LA CATALOGACIÓN | |
| Centro catalogador de origen | CO-ViMGA |
| Lengua de catalogación | spa |
| Centro transcriptor | CO-ViMGA |
| 041 1# - • CÓDIGO DE LENGUA | |
| Código de lengua original | dut |
| 082 04 - • NÚMERO DE LA CLASIFICACIÓN DECIMAL DEWEY | |
| Número de clasificación (R) | 616.84 |
| Número del ítem | M85c |
| 100 1# - • PUNTO DE ACCESO PRINCIPAL-NOMBRE DE PERSONA | |
| Nombre de persona | Moira Muller |
| 240 10 - • TÍTULO UNIFORME | |
| Título uniforme | <a href="Moira 16 jaar en genezen van anorexia">Moira 16 jaar en genezen van anorexia</a> |
| 245 10 - • TITULO PROPIAMENTE DICHO | |
| Título | Cronica de una anorexia |
| Medio | [Texto impreso] : |
| Resto del título | el diario de Moira |
| Mención de responsabilidad, etc. | Moira Muller ; [traduccion de Elena Ruiz] |
| 250 ## - • MENCIÓN DE EDICIÓN | |
| Mención de edición | 1era . ed. |
| 300 ## - • DESCRIPCIÓN FÍSICA | |
| Extensión | 207 p. |
| Otras características físicas | il. |
| Dimensiones | 22 cm |
| 650 17 - • PUNTO DE ACCESO ADICIONAL DE MATERIA - TÉRMINO DE MATERIA | |
| Término de materia o nombre geográfico como elemento inicial | Anorexia |
| Subdivisión de materia general | Aspectos psicologicos |
| Fuente del encabezamiento o término | embne |
| 942 ## - ENTRADA DE ELEMENTOS AGREGADOS (KOHA) | |
| Fuente de clasificaión o esquema | Dewey Decimal Classification |
| Koha [por defecto] tipo de item | LIbro |
| Perdido | Fuente de clasificación o esquema | Estado Físico | No para préstamo | Forma de adquisición | Localización permanente | Localización actual | Fecha adquisición | Préstamos totales | Signatura completa | Código de barras | Fecha última consulta | Fecha último préstamo | Número de copia | Fecha del precio de reemplazo | Tipo de item de Koha |
|---|---|---|---|---|---|---|---|---|---|---|---|---|---|---|---|
| Dewey Decimal Classification | Sala Especializada Tercer Piso | Biblioteca Pública Germán Arciniegas - Villavicencio | Biblioteca Pública Germán Arciniegas - Villavicencio | 12/03/2015 | 1 | 616.84 M85c | 29317 | 09/06/2018 | 05/03/2017 | eje.1 | 12/03/2015 | LIbro |